Teaching Human Resource Management <An> Experiential Approach

Enregistré dans:
Détails bibliographiques
Autres auteurs: de Janasz, Suzanne C., Crossman, Joana
Format: Livre
Langue:anglais
Publié: Cheltenham Edward Elgar 2018
Collection:Elgar Guides to Teaching
Sujets:
Tags: Ajouter un tag
Pas de tags, Soyez le premier à ajouter un tag!

MARC

LEADER 00000nam a2200000 4500
001 0248891
005 20240221111512.3
020 |a 978-1-78643-980-2 
041 0 |a eng 
044 |a GB 
245 1 0 |a Teaching Human Resource Management  |b <An> Experiential Approach  |c Edited by: Suzanne C. de Janasz, Joana Crossman 
264 1 |a Cheltenham  |b Edward Elgar  |c 2018 
300 |a 290 s. 
490 1 |a Elgar Guides to Teaching 
830 0 |a Elgar Guides to Teaching 
610 2 0 |a riadenie ľudských zdrojov 
610 2 0 |a etika podniková 
610 2 0 |a zodpovednosť podniku spoločenská 
610 2 0 |a príležitosť pracovná 
610 2 0 |a rovnoprávnosť 
610 2 0 |a miesta pracovné 
610 2 0 |a nábor pracovníkov 
610 2 0 |a talenty 
610 2 0 |a kariéra 
610 2 0 |a vzťahy pracovné 
610 2 0 |a konflikty 
610 2 0 |a zmeny organizačné 
610 2 0 |a príručky 
700 1 |a de Janasz, Suzanne C. 
700 1 |a Crossman, Joana